[Event "Najdorf Mem Open A 2014"]
[Site "Warsaw POL"]
[Date "2014.07.17"]
[Round "6.39"]
[White "Jarmula, Pawel"]
[Black "Arman, Deniz"]
[Result "0-1"]
[BlackTitle "FM"]
[WhiteElo "2140"]
[BlackElo "2272"]
[WhiteFideId "1146211"]
[BlackFideId "6302106"]
[EventDate "2014.07.14"]

1. e4 Nf6 2. e5 Nd5 3. d4 d6 4. Nf3 dxe5 5. Nxe5 c6 6. c3 Nd7 7. Nxd7 Bxd7 8.
Bd3 g6 9. O-O Bg7 10. Nd2 O-O 11. Nf3 Bg4 12. h3 Bxf3 13. Qxf3 e6 14. Bc4 b5 15.
Bb3 Re8 16. Bd2 Rc8 17. Rfe1 a5 18. Rad1 a4 19. Bxd5 Qxd5 20. Qxd5 cxd5 21. a3
f6 22. f4 h5 23. Re2 Kf7 24. Rde1 Re7 25. Kf2 Rce8 26. Kf3 Rc7 27. Kf2 Rc6 28.
Kf3 Ke7 29. Ke3 Kd7 30. Kd3 h4 31. Rf1 Rh8 32. Rg1 Ke7 33. Re3 f5 34. Rf3 Kf7
35. Ke2 Bf6 36. Kf2 Rh5 37. Re1 Rc8 38. Re2 Rg8 39. Kf1 Re8 40. Kf2 Rg8 41. Kf1
g5 42. fxg5 Bxg5 43. Bxg5 Rhxg5 44. Rf4 Rh5 45. Rf3 Rg6 46. Kf2 Rhg5 47. Kf1 Rg3
48. Ref2 Kf6 49. Rf4 Kg5 50. R4f3 Rxf3 51. Rxf3 f4 52. Rf2 Kf5 53. Re2 Rg3 54.
Re5+ Kf6 55. Kf2 f3 56. gxf3 Rxh3 57. Kg2 Rg3+ 58. Kf2 Rh3 59. Kg2 Rg3+ 60. Kf2
Rg5 61. Re1 e5 62. dxe5+ Rxe5 63. Rh1 Rh5 64. Ke3 Ke5 65. f4+ Kf5 66. Rd1 h3 67.
Kf3 h2 68. Rh1 Rh4 69. Kg3 Rg4+ 70. Kh3 Rg8 0-1

[Event "Najdorf Mem Open A 2014"]
[Site "Warsaw POL"]
[Date "2014.07.17"]
[Round "6.40"]
[White "Erzhanov, Arman"]
[Black "Warakomska, Anna"]
[Result "1-0"]
[WhiteTitle "FM"]
[BlackTitle "WFM"]
[WhiteElo "2278"]
[BlackElo "2158"]
[WhiteFideId "4138821"]
[BlackFideId "1130790"]
[EventDate "2014.07.14"]

1. e4 e5 2. Nf3 Nc6 3. Be2 g6 4. O-O Bg7 5. c3 d5 6. d3 Nge7 7. Nbd2 h6 8. b4 d4
9. Bb2 O-O 10. b5 dxc3 11. Bxc3 Nd4 12. Nxd4 exd4 13. Bb2 c6 14. bxc6 Nxc6 15.
Ba3 Re8 16. Nc4 Bf8 17. Bxf8 Rxf8 18. f4 Be6 19. Rc1 Qd7 20. Qd2 Kg7 21. Qb2 f6
22. Bd1 Ne7 23. Qa3 b5 24. Na5 Rac8 25. Bb3 Rc3 26. Rxc3 dxc3 27. Bxe6 Qxe6 28.
Qxc3 Qb6+ 29. d4 b4 30. Qc5 Qxc5 31. dxc5 Rc8 32. Rc1 Kf7 33. Kf2 Ke6 34. Ke3
Kd7 35. Rd1+ Ke8 36. Nb7 Rc7 37. Nd6+ Kf8 38. Kd4 a5 39. Kc4 1-0

[Event "Najdorf Mem Open A 2014"]
[Site "Warsaw POL"]
[Date "2014.07.17"]
[Round "6.41"]
[White "Goslawski, Michal"]
[Black "Gasik, Anna"]
[Result "1/2-1/2"]
[BlackTitle "WIM"]
[WhiteElo "2156"]
[BlackElo "2261"]
[WhiteFideId "1171259"]
[BlackFideId "1121952"]
[EventDate "2014.07.14"]

1. e4 c6 2. Nc3 d5 3. Nf3 dxe4 4. Nxe4 Nf6 5. Ng3 Bg4 6. h3 Bxf3 7. Qxf3 e6 8.
Be2 Bd6 9. O-O Nbd7 10. d4 O-O 11. c4 1/2-1/2

[Event "Najdorf Mem Open A 2014"]
[Site "Warsaw POL"]
[Date "2014.07.18"]
[Round "7.1"]
[White "Durarbayli, Vasif"]
[Black "Markowski, Tomasz"]
[Result "1/2-1/2"]
[WhiteTitle "GM"]
[BlackTitle "GM"]
[WhiteElo "2590"]
[BlackElo "2572"]
[WhiteFideId "13402935"]
[BlackFideId "1105680"]
[EventDate "2014.07.14"]

1. e4 c5 2. Nf3 e6 3. d4 cxd4 4. Nxd4 a6 5. c4 Nf6 6. Nc3 Bb4 7. Qd3 Qc7 8. a3
Bxc3+ 9. Qxc3 d6 10. f3 e5 11. Nc2 Be6 12. Bg5 Nbd7 13. Ne3 O-O 14. Qd2 Nc5 15.
Bxf6 gxf6 16. Rd1 Rfd8 17. Qf2 b5 18. cxb5 axb5 19. Be2 Qb6 20. O-O Ra4 21. Kh1
b4 22. Qg3+ Kf8 23. Bc4 bxa3 24. Bxe6 fxe6 25. bxa3 Qc7 26. Qf2 Rxa3 27. Rd2 Rd3
28. Ra2 Rb8 29. h3 Kg7 30. Rfa1 Rdb3 31. Kh2 Qe7 32. Nc4 R3b4 33. Ra7 R8b7 34.
Qg3+ Kf7 35. Ra8 Rb8 36. R1a7 Nd7 37. Qh4 Kg8 38. Qg3+ Kh8 39. Na5 Qe8 40. Rxb8
Rxb8 41. Nc4 Qe7 42. Qf2 d5 43. Nb6 Rd8 44. exd5 exd5 45. Nxd5 Qe6 46. Ne3 Qb6
47. Ra3 Qd4 48. Qc2 Qf4+ 49. Kh1 Rb8 50. Rc3 Nf8 51. Nf5 Ra8 52. g3 Qb4 53. Kg2
Rd8 54. h4 h5 55. Kh3 Qb5 56. Qc1 Kg8 57. Rc7 Rd7 58. Rc8 Kf7 59. Nh6+ Kg7 60.
Nf5+ Kf7 61. g4 hxg4+ 62. Kxg4 Qa4+ 63. Kh5 Ne6 64. Nh6+ Ke7 65. Nf5+ Kf7 66.
Nh6+ Ke7 67. Kg6 Nf4+ 68. Kf5 Ne6 69. Rh8 Nd4+ 70. Kg6 Ke6 71. Re8+ Kd5 72. Qc8
Nxf3 73. Nf5 Nxh4+ 74. Kxf6 Nxf5 75. Rxe5+ Kd4 76. Qc5+ Kd3 77. Kxf5 1/2-1/2

[Event "Najdorf Mem Open A 2014"]
[Site "Warsaw POL"]
[Date "2014.07.18"]
[Round "7.2"]
[White "Macieja, Bartlomiej"]
[Black "Shimanov, Aleksandr"]
[Result "0-1"]
[WhiteTitle "GM"]
[BlackTitle "GM"]
[WhiteElo "2607"]
[BlackElo "2644"]
[WhiteFideId "1104306"]
[BlackFideId "4198603"]
[EventDate "2014.07.14"]

1. e4 c6 2. d4 d5 3. Nc3 dxe4 4. Nxe4 Bf5 5. Ng3 Bg6 6. h4 h6 7. Nf3 Nd7 8. h5
Bh7 9. Bd3 Bxd3 10. Qxd3 e6 11. Bd2 a5 12. O-O-O Bb4 13. c3 Be7 14. Qe2 Ngf6 15.
Ne5 O-O 16. Rhe1 a4 17. Ng6 Re8 18. Nxe7+ Qxe7 19. Ne4 a3 20. b3 c5 21. Bf4 Nxe4
22. Qxe4 Nf6 23. Qf3 Nd5 24. c4 Nb4 25. dxc5 Nxa2+ 26. Kb1 Nb4 27. Bd6 Qg5 28.
Re2 Red8 29. Qc3 Qxc5 30. Red2 Qf5+ 31. Ka1 Nc6 32. b4 Rdc8 33. b5 Na5 34. c5
Qxh5 35. Rb1 Qg4 36. f4 Qf5 37. Ra2 Qd5 38. Rd2 Qc4 39. Rc2 a2 40. Rbb2 Qd5 41.
Rd2 Qh5 42. Rxa2 b6 43. Be7 Qh1+ 44. Kb2 Qf1 45. Ra4 Qxb5+ 46. Rb4 Qe8 47. Bd6
bxc5 48. Bxc5 Qc6 49. Rc2 Qd5 50. Kc1 Nb7 0-1

[Event "Najdorf Mem Open A 2014"]
[Site "Warsaw POL"]
[Date "2014.07.18"]
[Round "7.3"]
[White "Rozentalis, Eduardas"]
[Black "Petrosian, Tigran L."]
[Result "1/2-1/2"]
[WhiteTitle "GM"]
[BlackTitle "GM"]
[WhiteElo "2603"]
[BlackElo "2629"]
[WhiteFideId "12800023"]
[BlackFideId "13301616"]
[EventDate "2014.07.14"]

1. e4 d6 2. d4 Nf6 3. Nc3 g6 4. Nf3 Bg7 5. Be2 O-O 6. O-O c6 7. a4 Qc7 8. h3 e5
9. Be3 exd4 10. Nxd4 Re8 11. Bf3 Nbd7 12. Re1 Ne5 13. Be2 Ned7 14. Bf3 Ne5 15.
Be2 Ned7 1/2-1/2

[Event "Najdorf Mem Open A 2014"]
[Site "Warsaw POL"]
[Date "2014.07.18"]
[Round "7.4"]
[White "Kempinski, Robert"]
[Black "Socko, Bartosz"]
[Result "1/2-1/2"]
[WhiteTitle "GM"]
[BlackTitle "GM"]
[WhiteElo "2597"]
[BlackElo "2616"]
[WhiteFideId "1105663"]
[BlackFideId "1107038"]
[EventDate "2014.07.14"]

1. d4 Nf6 2. c4 e6 3. Nf3 b6 4. g3 Ba6 5. b3 Bb4+ 6. Bd2 Be7 7. Bg2 c6 8. Bc3 d5
9. Ne5 Nfd7 10. Nxd7 Nxd7 11. Nd2 O-O 12. O-O Rc8 13. e4 dxe4 14. Bxe4 c5 15. d5
exd5 16. Bxd5 Bf6 17. Ne4 Bxc3 18. Nxc3 Nf6 19. Bf3 Rc7 20. Qxd8 1/2-1/2

[Event "Najdorf Mem Open A 2014"]
[Site "Warsaw POL"]
[Date "2014.07.18"]
[Round "7.6"]
[White "Fedoseev, Vladimir3"]
[Black "Heberla, Bartlomiej"]
[Result "1/2-1/2"]
[WhiteTitle "GM"]
[BlackTitle "GM"]
[WhiteElo "2668"]
[BlackElo "2578"]
[WhiteFideId "24130737"]
[BlackFideId "1115120"]
[EventDate "2014.07.14"]

1. Nf3 d5 2. g3 Nc6 3. Bg2 e5 4. d3 Nf6 5. O-O h6 6. c4 dxc4 7. Qa4 Bd6 8. Qxc4
O-O 9. a3 a5 10. b3 Be6 11. Qc2 Nd4 12. Nxd4 exd4 13. Bb2 c5 14. Nd2 Bd5 15. Ne4
Nxe4 16. dxe4 Be6 17. e5 Bxe5 18. Qxc5 Bf6 19. Qb5 Ra6 20. Rad1 Rb6 21. Qxa5
Rxb3 22. Qd2 Bc4 23. Bxd4 Bxd4 24. Qxd4 Qxd4 25. Rxd4 Bxe2 26. Re1 Bf3 27. Bxf3
Rxf3 28. a4 Rc8 29. Re2 Rf6 30. h4 1/2-1/2

[Event "Najdorf Mem Open A 2014"]
[Site "Warsaw POL"]
[Date "2014.07.18"]
[Round "7.7"]
[White "Melkumyan, Hrant"]
[Black "Dragun, Kamil"]
[Result "1/2-1/2"]
[WhiteTitle "GM"]
[BlackTitle "GM"]
[WhiteElo "2647"]
[BlackElo "2518"]
[WhiteFideId "13302485"]
[BlackFideId "1134167"]
[EventDate "2014.07.14"]

1. d4 Nf6 2. c4 e6 3. Nf3 Bb4+ 4. Nc3 O-O 5. Bg5 c5 6. Rc1 h6 7. Bh4 cxd4 8.
Nxd4 Nc6 9. e3 g5 10. Bg3 Ne4 11. Bd3 Bxc3+ 12. bxc3 Nxg3 13. hxg3 Qf6 14. f4 d6
15. Qh5 Kg7 16. Nf3 gxf4 17. gxf4 Rh8 18. Kf2 Bd7 19. Rh4 Rag8 20. c5 d5 21. Bb5
Kf8 22. Bxc6 Bxc6 23. Nd4 Rg5 24. Qf3 Rxg2+ 25. Qxg2 Qxh4+ 26. Qg3 Qxg3+ 27.
Kxg3 Ke7 28. Kf2 Rc8 29. Rb1 a6 30. Ke2 Bd7 31. Rxb7 Rxc5 32. Ra7 Rxc3 33. Rxa6
Rc4 34. Ra7 Kd6 35. Ra6+ Ke7 36. Ra7 f6 37. Kf2 h5 38. a4 Kd6 39. Ra6+ Ke7 40.
Ra7 Kd6 41. Ra6+ Ke7 1/2-1/2

[Event "Najdorf Mem Open A 2014"]
[Site "Warsaw POL"]
[Date "2014.07.18"]
[Round "7.8"]
[White "Ragger, Markus"]
[Black "Vovk, Yuri"]
[Result "1/2-1/2"]
[WhiteTitle "GM"]
[BlackTitle "GM"]
[WhiteElo "2639"]
[BlackElo "2591"]
[WhiteFideId "1610856"]
[BlackFideId "14113171"]
[EventDate "2014.07.14"]

1. Nf3 Nf6 2. c4 g6 3. Nc3 Bg7 4. e4 d6 5. d4 O-O 6. Be2 e5 7. O-O Nbd7 8. Be3
Qe7 9. Qc2 c6 10. Rad1 b6 11. b4 exd4 12. Nxd4 Bb7 13. Nb3 d5 14. cxd5 cxd5 15.
Nxd5 Nxd5 16. exd5 Rac8 17. d6 Qxe3 18. Qxc8 Qe4 19. Qxf8+ Bxf8 20. Bf3 Qxb4 21.
Bxb7 Bxd6 22. Rd4 Qa3 23. Rfd1 Nc5 24. Nxc5 Bxc5 25. R4d2 Kg7 26. Bd5 a5 27. g3
h5 28. Rd3 Qb2 29. R1d2 Qe5 30. Kg2 h4 31. Rf3 f5 32. gxh4 Kh6 33. Bf7 Qe4 34.
Bd5 Qe1 35. Rdd3 Qe2 36. Bb3 Qe4 37. Bd5 Qg4+ 38. Kf1 Kg7 39. h3 Qxh4 40. Kg2
Qe7 41. Bc6 Qe2 42. a4 Qe6 43. Bb5 Qe4 44. Kf1 Kf6 45. Kg2 Qe5 46. Bc6 Bd6 47.
Rfe3 Qh2+ 48. Kf1 Bc5 49. Re2 Qc7 50. Bd7 Qf4 51. Kg2 Qc4 52. Bb5 Qf4 1/2-1/2

[Event "Najdorf Mem Open A 2014"]
[Site "Warsaw POL"]
[Date "2014.07.18"]
[Round "7.9"]
[White "Sandipan, Chanda"]
[Black "Agdestein, Simen"]
[Result "1-0"]
[WhiteTitle "GM"]
[BlackTitle "GM"]
[WhiteElo "2597"]
[BlackElo "2637"]
[WhiteFideId "5004225"]
[BlackFideId "1500015"]
[EventDate "2014.07.14"]

1. d4 Nf6 2. c4 e6 3. Nc3 Bb4 4. e3 O-O 5. Nf3 d5 6. Bd2 b6 7. Rc1 Bb7 8. cxd5
exd5 9. Bd3 a6 10. O-O Bd6 11. Ne5 c5 12. f4 Nc6 13. Na4 c4 14. Bb1 b5 15. Nc3
b4 16. Na4 a5 17. Be1 Ne8 18. Qh5 g6 19. Qh6 f5 20. g4 Ng7 21. Nf3 Be7 22. h4
fxg4 23. h5 Nxh5 24. f5 Rxf5 25. Bxf5 gxf3 26. Bxg6 hxg6 27. Qxg6+ Ng7 28. Rxf3
Qe8 29. Qg2 Nxd4 30. exd4 Qxa4 31. Bg3 Qd7 32. Be5 Bd6 33. Bxd6 Qxd6 34. Rcf1
Qb6 35. Qg4 Ra6 36. Rf8+ Kh7 37. R1f3 Qh6 38. Rh3 c3 39. Rxh6+ Rxh6 40. bxc3
bxc3 41. Qe2 Rg6+ 42. Kf2 Bc6 43. Qd3 Nh5 44. Rh8+ 1-0

[Event "Najdorf Mem Open A 2014"]
[Site "Warsaw POL"]
[Date "2014.07.18"]
[Round "7.10"]
[White "Krasenkow, Michal"]
[Black "Indjic, Aleksandar"]
[Result "1-0"]
[WhiteTitle "GM"]
[BlackTitle "GM"]
[WhiteElo "2623"]
[BlackElo "2542"]
[WhiteFideId "1113100"]
[BlackFideId "911925"]
[EventDate "2014.07.14"]

1. d4 Nf6 2. c4 c5 3. d5 e6 4. Nc3 exd5 5. cxd5 d6 6. e4 g6 7. h3 Bg7 8. Nf3 a6
9. a4 Nbd7 10. Bd3 Nh5 11. Bg5 Bf6 12. Bh6 Ne5 13. Nxe5 Bxe5 14. Qd2 Ng7 15. O-O
O-O 16. f4 Bd4+ 17. Kh2 Bd7 18. Ne2 Bf6 19. g4 Qb6 20. g5 Qxb2 21. Qxb2 Bxb2 22.
Rab1 Ba3 23. Rxb7 Rfd8 24. f5 Bb4 25. Nf4 Rab8 26. Ne6 fxe6 27. Rxb8 Rxb8 28.
dxe6 Bxa4 29. Bc4 Bb5 30. Bd5 gxf5 31. e7+ Kh8 32. Bxg7+ Kxg7 33. exf5 Be8 34.
f6+ Kg6 35. f7 Bxf7 36. Bxf7+ Kxg5 37. e8=Q Rxe8 38. Bxe8 c4 39. Bc6 c3 40. Be4
h5 41. Rf5+ Kh6 42. Kg3 a5 43. Rf7 Kg5 44. h4+ Kh6 45. Rh7# 1-0

[Event "Najdorf Mem Open A 2014"]
[Site "Warsaw POL"]
[Date "2014.07.18"]
[Round "7.11"]
[White "Bernadskiy, Vitaliy"]
[Black "Zhigalko, Andrey"]
[Result "1-0"]
[WhiteTitle "IM"]
[BlackTitle "GM"]
[WhiteElo "2550"]
[BlackElo "2585"]
[WhiteFideId "14100371"]
[BlackFideId "13502247"]
[EventDate "2014.07.14"]

1. d4 Nf6 2. c4 e6 3. Nc3 Bb4 4. Nf3 b6 5. Qb3 c5 6. a3 Ba5 7. e3 O-O 8. Be2 d5
9. O-O dxc4 10. Qxc4 Qe7 11. Na2 Ba6 12. Qc2 Bxe2 13. Qxe2 Rc8 14. Ne5 b5 15.
Qf3 Nd5 16. dxc5 Bc7 17. Nd3 Nc6 18. b4 Qh4 19. h3 a5 20. Bb2 axb4 21. Naxb4
Ndxb4 22. axb4 Rxa1 23. Rxa1 Nxb4 24. g3 Qc4 25. Ra8 Rf8 26. Rxf8+ Kxf8 27. Qa8+
Ke7 28. Nxb4 Qxb4 29. Bxg7 Qb1+ 30. Kg2 Qg6 31. Bf8+ Kf6 32. Qb7 Be5 33. Qe7+
Kf5 34. Qh4 Bc7 35. Bd6 Bxd6 36. cxd6 Qf6 37. d7 1-0

[Event "Najdorf Mem Open A 2014"]
[Site "Warsaw POL"]
[Date "2014.07.18"]
[Round "7.12"]
[White "Cheparinov, Ivan"]
[Black "Jakubowski, Krzysztof"]
[Result "1/2-1/2"]
[WhiteTitle "GM"]
[BlackTitle "GM"]
[WhiteElo "2690"]
[BlackElo "2537"]
[WhiteFideId "2905540"]
[BlackFideId "1112848"]
[EventDate "2014.07.14"]

1. d4 Nf6 2. c4 e6 3. Nf3 d5 4. g3 dxc4 5. Bg2 c5 6. O-O cxd4 7. Nxd4 Nbd7 8.
Qa4 Bc5 9. Qxc4 O-O 10. Nc3 a6 11. Nb3 Ba7 12. Rd1 Qe7 13. Qh4 Ne5 14. Ne4 Ng6
15. Nxf6+ gxf6 16. Qh5 Rb8 17. Bd2 e5 18. a3 Qe6 19. Qf3 Rd8 20. Be3 Rxd1+ 21.
Rxd1 b6 22. Rd8+ Nf8 23. Bh6 Bd7 24. Rxb8 Bxb8 25. Qb7 Qd6 26. Nd2 f5 27. Bxf8
Kxf8 28. Nc4 Qc7 29. Nxb6 Bb5 30. Qxc7 Bxc7 31. Nd5 Bb8 32. e3 Bc4 33. Nb6 Be6
34. Bd5 Ke7 35. Bxe6 Kxe6 36. Kf1 Bc7 37. Nc4 Kd5 38. b3 f4 39. Ke2 fxg3 40.
hxg3 f5 41. Kd3 h5 42. Nd2 e4+ 43. Ke2 Ba5 44. Nc4 Bd8 45. Kf1 h4 46. Kg2 hxg3
47. Kxg3 Bc7+ 48. f4 exf3+ 49. Kxf3 a5 50. Nb2 Bd6 51. a4 Be5 52. Nd3 Bb8 53.
Nf4+ Kc5 54. Nd3+ Kd5 55. Ke2 Ba7 56. Nb2 Kc5 57. Nd3+ Kd5 58. Kd2 Bb8 59. Kd1
Ba7 60. Ke2 Bb8 61. Kf3 Bd6 62. Nf4+ Kc5 63. Ne6+ Kd5 64. Ng7 Ke5 65. Nh5 Kd5
66. Ng7 Ke5 67. Nh5 Kd5 68. Ke2 Ke4 69. Nf6+ Ke5 70. Nd7+ Ke4 71. Nb6 f4 72. Nc4
f3+ 73. Kf1 Bb4 74. Kf2 Bc5 75. Nxa5 Bxe3+ 76. Kf1 Kd3 77. Nc6 Kc3 78. b4 Kb3
79. a5 Ka4 80. a6 Kb5 81. a7 Bxa7 82. Nxa7+ Kxb4 1/2-1/2

[Event "Najdorf Mem Open A 2014"]
[Site "Warsaw POL"]
[Date "2014.07.18"]
[Round "7.13"]
[White "Raznikov, Danny"]
[Black "Beliavsky, Alexander G"]
[Result "1/2-1/2"]
[WhiteTitle "IM"]
[BlackTitle "GM"]
[WhiteElo "2500"]
[BlackElo "2631"]
[WhiteFideId "2811154"]
[BlackFideId "14602377"]
[EventDate "2014.07.14"]

1. d4 Nf6 2. c4 e6 3. Nc3 Bb4 4. Qc2 O-O 5. Nf3 c5 6. dxc5 Na6 7. g3 Nxc5 8. Bg2
b6 9. O-O Bxc3 10. Qxc3 Bb7 11. b3 Qe7 12. Ba3 d6 13. Rfd1 Rfd8 14. Rac1 Rac8
15. Ne1 h6 16. Qe3 Bxg2 17. Nxg2 Qb7 18. Bb2 Qe4 19. Bxf6 Qxe3 20. Nxe3 gxf6 21.
Rd4 f5 22. f3 Kg7 23. Rcd1 Nb7 24. Kf2 Rh8 25. g4 fxg4 26. Rxg4+ Kf8 27. f4 Ke7
28. Rdg1 Rc5 29. f5 Nd8 30. Rg8 Rxg8 31. Rxg8 b5 32. cxb5 Rxb5 33. Rh8 exf5 34.
Rxh6 f4 35. Nc4 Ne6 36. Rh8 d5 37. Ne5 Kf6 38. Nd3 Kf5 39. h4 f6 40. b4 Rb7 41.
h5 Re7 42. h6 Nd4 43. Nc1 Nc6 44. Nd3 Nd4 45. Nc1 Nc6 46. Nd3 Nd4 1/2-1/2

[Event "Najdorf Mem Open A 2014"]
[Site "Warsaw POL"]
[Date "2014.07.18"]
[Round "7.14"]
[White "Piorun, Kacper"]
[Black "Givon, Asaf"]
[Result "0-1"]
[WhiteTitle "GM"]
[BlackTitle "IM"]
[WhiteElo "2577"]
[BlackElo "2452"]
[WhiteFideId "1130420"]
[BlackFideId "2801841"]
[EventDate "2014.07.14"]

1. e4 c5 2. Nf3 d6 3. d4 cxd4 4. Nxd4 Nf6 5. Nc3 a6 6. Be2 e5 7. Nb3 Be7 8. O-O
O-O 9. Re1 Be6 10. Bf3 Nbd7 11. a4 Qb8 12. a5 Rc8 13. h3 h6 14. Nd2 b5 15. axb6
Nxb6 16. Nf1 a5 17. Ne3 a4 18. Qd3 Bf8 19. Rd1 Rc5 20. Ng4 Nfd7 21. Nd5 Nxd5 22.
exd5 Bxg4 23. hxg4 Qc8 24. g5 hxg5 25. Bxg5 g6 26. Bg4 Bg7 27. b4 Rc3 28. Bxd7
Rxd3 29. Bxc8 Rxd1+ 30. Rxd1 Rxc8 31. Ra1 Rxc2 32. Rxa4 e4 33. Ra8+ Kh7 34. Ra7
Bd4 35. Rxf7+ Kg8 36. Re7 Rxf2 37. Kh2 Be5+ 38. Rxe5 dxe5 39. d6 Rf7 40. Be7
Rh7+ 41. Kg3 Kf7 42. Bd8 Ke6 43. Bc7 Rf7 44. b5 e3 45. d7 Kxd7 0-1

[Event "Najdorf Mem Open A 2014"]
[Site "Warsaw POL"]
[Date "2014.07.18"]
[Round "7.15"]
[White "Olszewski, Michal"]
[Black "Matuszewski, Michal"]
[Result "1-0"]
[WhiteTitle "GM"]
[BlackTitle "IM"]
[WhiteElo "2553"]
[BlackElo "2416"]
[WhiteFideId "1121251"]
[BlackFideId "1129775"]
[EventDate "2014.07.14"]

1. e4 c5 2. Nf3 d6 3. d4 cxd4 4. Nxd4 Nf6 5. Nc3 a6 6. Be3 e5 7. Nf3 Be7 8. Bc4
O-O 9. O-O Nc6 10. h3 Be6 11. Bb3 b5 12. Bg5 Rc8 13. Bxf6 Bxf6 14. Nd5 a5 15. a4
b4 16. Qd3 Bxd5 17. Bxd5 Nb8 18. Nd2 Nd7 19. Nc4 Be7 20. Rfd1 g6 21. Qe2 Rc5 22.
Rd3 Nb6 23. Ne3 Bg5 24. Bb3 Qe7 25. Rad1 Rd8 26. g3 Qc7 27. Ng4 Nc4 28. h4 Be7
29. Qf3 Rf8 30. h5 Kh8 31. Bxc4 Rxc4 32. Rxd6 f5 33. Rd7 Qc5 34. Ne3 fxe4 35.
Qg2 Rd4 36. hxg6 Rxd1+ 37. Rxd1 hxg6 38. Qxe4 Qb6 39. Rd7 Qf6 40. Ng4 Qg5 41.
Qxe5+ 1-0

[Event "Najdorf Mem Open A 2014"]
[Site "Warsaw POL"]
[Date "2014.07.18"]
[Round "7.16"]
[White "Tomczak, Jacek"]
[Black "Vydeslaver, Alik"]
[Result "1-0"]
[WhiteTitle "GM"]
[BlackTitle "IM"]
[WhiteElo "2547"]
[BlackElo "2384"]
[WhiteFideId "1124668"]
[BlackFideId "2801876"]
[EventDate "2014.07.14"]

1. e4 e6 2. d4 d5 3. Nc3 dxe4 4. Nxe4 Nd7 5. g3 Ngf6 6. Nxf6+ Nxf6 7. Bg2 c5 8.
Ne2 Be7 9. O-O O-O 10. c4 cxd4 11. Qxd4 Nd7 12. Rd1 Qc7 13. Nc3 Nb6 14. b3 Bf6
15. Qe3 Bd7 16. Ba3 Rfe8 17. Bd6 Qc8 18. Rac1 Bxc3 19. Qxc3 Bc6 20. Bf1 Nd7 21.
Rd4 Nf8 22. Rcd1 b6 23. a4 Bb7 24. Bg2 Bxg2 25. Kxg2 Qc6+ 26. Qf3 Qxf3+ 27. Kxf3
f6 28. Bxf8 Kxf8 29. Ke4 Rac8 30. Rd7 Re7 31. Rd8+ Re8 32. Rxc8 Rxc8 33. Rd7 a6
34. Rd6 b5 35. Kd3 bxc4+ 36. bxc4 Rb8 37. Rxe6 Rb2 38. Rxa6 Rxf2 39. Ra8+ Ke7
40. a5 Kd6 41. a6 Kc7 42. a7 Kb7 43. Rg8 Kxa7 44. Rxg7+ Kb6 45. Rxh7 Kc5 46.
Rh5+ Kd6 47. g4 Rf4 48. h3 Rf3+ 49. Ke4 Rc3 50. Kd4 Rg3 51. Rh6 Kd7 52. Kc5 1-0

[Event "Najdorf Mem Open A 2014"]
[Site "Warsaw POL"]
[Date "2014.07.18"]
[Round "7.17"]
[White "Kanarek, Marcel"]
[Black "Popilski, Gil"]
[Result "1/2-1/2"]
[WhiteTitle "IM"]
[BlackTitle "GM"]
[WhiteElo "2471"]
[BlackElo "2500"]
[WhiteFideId "1126822"]
[BlackFideId "2809060"]
[EventDate "2014.07.14"]

1. d4 e6 2. e4 d5 3. Nc3 Nf6 4. Bg5 dxe4 5. Nxe4 Be7 6. Bxf6 gxf6 7. Qd2 b6 8.
Bb5+ c6 9. Bc4 f5 10. Nc3 Bb7 11. Nf3 Nd7 12. O-O-O Qc7 13. Qe2 O-O-O 14. Ba6
Bf6 15. Bxb7+ Kxb7 16. Kb1 Nf8 17. Rd3 Ng6 18. g3 Rd7 19. Rhd1 Rhd8 20. a4 a6
21. Na2 c5 22. dxc5 Rxd3 23. Rxd3 Qxc5 24. Rxd8 Bxd8 25. Qd2 Bc7 26. Nc3 Qc6 27.
Qe2 h6 28. h4 Bd6 29. Nd4 Qh1+ 30. Ka2 Bb4 31. Kb3 Bc5 32. Nf3 Qg2 33. Qd3 Kc7
34. h5 Nf8 35. Ne5 Qxf2 36. Qxa6 Qxg3 37. Qa7+ Kc8 38. Qa8+ Kc7 39. Nd3 Qe3 40.
Nb5+ Kd7 41. Qb7+ Ke8 42. a5 bxa5 43. Qc8+ Ke7 44. Qxc5+ Qxc5 45. Nxc5 f4 46.
Nd3 f3 47. Nd4 e5 48. Nc6+ Ke6 49. Ncxe5 f2 50. Nxf2 Kxe5 51. Ng4+ Kf4 52. Nxh6
f6 53. Ka4 Kg5 54. Nf7+ Kxh5 55. Kxa5 f5 56. Ne5 Kg5 57. Nd3 f4 58. c4 Kf5 59.
Kb5 Ke4 60. Nf2+ Kd4 61. c5 Ne6 62. b4 Kd5 63. Kb6 Kc4 64. c6 Kxb4 65. Nd3+ Kc4
66. Ne5+ Kb3 67. Nf3 Kc4 68. Ng5 Nxg5 69. c7 f3 70. c8=Q+ Kd3 71. Qf5+ Ke2 72.
Qg4 Ke1 73. Qg1+ Ke2 74. Qg4 Ke1 75. Qb4+ Ke2 76. Qc4+ Ke1 77. Qc3+ Ke2 78. Qe5+
Kf1 79. Qxg5 f2 80. Kc5 Ke1 81. Qg3 Ke2 82. Qh2 Ke1 83. Qh4 Ke2 84. Qe4+ Kf1 85.
Qh1+ Ke2 86. Qg2 Ke1 87. Qg3 Ke2 88. Qe5+ Kd2 89. Qd4+ Ke1 90. Qe3+ Kf1 91. Kd4
Kg2 92. Qd2 Kg1 93. Qg5+ Kh1 94. Qh5+ Kg1 95. Qg6+ Kh1 96. Qf5 Kg1 97. Qg4+ Kh1
98. Qf3+ Kg1 99. Qg3+ Kh1 100. Qh3+ Kg1 101. Qe3 Kh1 102. Qe2 Kg1 103. Qg4+ Kh1
104. Qh4+ Kg1 105. Qg3+ Kh1 106. Qxf2 1/2-1/2

[Event "Najdorf Mem Open A 2014"]
[Site "Warsaw POL"]
[Date "2014.07.18"]
[Round "7.18"]
[White "Duda, Jan-Krzysztof"]
[Black "Cabezas Ayala, Ivan"]
[Result "1-0"]
[WhiteTitle "GM"]
[BlackTitle "FM"]
[WhiteElo "2580"]
[BlackElo "2333"]
[WhiteFideId "1170546"]
[BlackFideId "2207710"]
[EventDate "2014.07.14"]

1. e4 e5 2. Nf3 Nc6 3. Bc4 Nf6 4. Ng5 d5 5. exd5 Na5 6. Bb5+ c6 7. dxc6 bxc6 8.
Qf3 Rb8 9. Bd3 Be7 10. Nc3 O-O 11. a3 h6 12. Nge4 Nd5 13. Ng3 Nf4 14. Bf5 Ba6
15. d3 g6 16. b4 Qd4 17. Bd2 Nb7 18. O-O Nd8 19. Rae1 Qd6 20. Rxe5 Qxe5 21. Bxf4
Qxc3 22. Bxb8 Qxa3 23. Be4 Ne6 24. Bxa7 1-0